Southville International School and Colleges
Your cart is empty.
  • Cart
  • Lists
    Public lists Eva Luna New books Lux_list list_1
    Your lists Log in to create your own lists
  • Log in to your account
  • Your cookies
  • Search history
Southville International School and Colleges
  • Advanced search
  • Recent comments
  • Most popular
  • Libraries

Log in to your account

Log in with GOOGLE


If you do not have an external account, but do have a local account, you can still log in:

  1. Home
  2. MARC view: The Big Wave
Normal view MARC view ISBD view

The Big Wave (Record no. 34130)

[ view plain ]
MARC details
000 -LEADER
fixed length control field 00788nam a22002537a 4500
003 - CONTROL NUMBER IDENTIFIER
control field OSt
005 - DATE AND TIME OF LATEST TRANSACTION
control field 20140310184413.0
008 - FIXED-LENGTH DATA ELEMENTS--GENERAL INFORMATION
fixed length control field 121112t xxu||||| |||| 00| 0 eng d
020 ## - INTERNATIONAL STANDARD BOOK NUMBER
International Standard Book Number 0439156106
050 ## - LIBRARY OF CONGRESS CALL NUMBER
Classification number PZ 7
Item number .B922 1948
100 ## - MAIN ENTRY--PERSONAL NAME
Personal name Buck, Pearl S.
9 (RLIN) 3209
245 ## - TITLE STATEMENT
Title The Big Wave
Statement of responsibility, etc by Pearl S. Buck
260 ## - PUBLICATION, DISTRIBUTION, ETC. (IMPRINT)
Place of publication, distribution, etc New York
Name of publisher, distributor, etc Scholastic Inc.
Date of publication, distribution, etc 1948
300 ## - PHYSICAL DESCRIPTION
Extent 57 p. :
Dimensions 19 cm.
520 ## - SUMMARY, ETC.
Summary, etc His family and village swept away by a tidal wave, Jiya learns to live with the ever-present dangers from the sea and volcano.
521 ## - TARGET AUDIENCE NOTE
Target audience note
526 ## - STUDY PROGRAM INFORMATION NOTE
Reading level 790
562 ## - COPY AND VERSION IDENTIFICATION NOTE
Number of copies 1
650 ## - SUBJECT ADDED ENTRY--TOPICAL TERM
Topical term or geographic name as entry element Japan
General subdivision Juvenile fiction.
9 (RLIN) 26262
650 ## - SUBJECT ADDED ENTRY--TOPICAL TERM
Topical term or geographic name as entry element Ocean waves
General subdivision Juvenile fiction.
9 (RLIN) 26263
650 ## - SUBJECT ADDED ENTRY--TOPICAL TERM
Topical term or geographic name as entry element Tsunamis
General subdivision Juvenile fiction.
9 (RLIN) 26264
942 ## - ADDED ENTRY ELEMENTS (KOHA)
Source of classification or shelving scheme Library of Congress Classification
Koha item type
Holdings
Withdrawn status Lost status Source of classification or shelving scheme Damaged status Home library Current library Shelving location Date acquired Total Checkouts Full call number Barcode Date last seen Copy number Price effective from Koha item type
    Library of Congress Classification   Luxembourg Library Luxembourg Library Scholastic Reading Center Section 10/08/2013   PZ 7 .B922 1948 LEX0839 04/18/2017 1 10/08/2013 Books

The Big Wave

APA

Buck P. S., . (1948). The Big Wave. New York: Scholastic Inc.

Chicago

Buck Pearl S, . 1948. The Big Wave. New York: Scholastic Inc.

Harvard

Buck P. S., . (1948). The Big Wave. New York: Scholastic Inc.

MLA

Buck Pearl S, . The Big Wave. New York: Scholastic Inc. 1948.

  • Place hold
  • Print
  • Cite
  • Add to your cart (remove)
  • Save record
    BIBTEX Dublin Core MARCXML MARC (non-Unicode/MARC-8) MARC (Unicode/UTF-8) MARC (Unicode/UTF-8, Standard) MODS (XML) RIS
  • More searches
    Search for this title in:
    Other Libraries (WorldCat) Other Databases (Google Scholar) Online Stores (Bookfinder.com) Open Library (openlibrary.org)

Exporting to Dublin Core...

SOUTHVILLE LIBRARY

Southville International School and Colleges Library

1281 Tropical Ave. Cor. Luxembourg St., BF Homes International, Las Pinas City

Tel. No. 8256374 / 252358 Loc. 117/146

Powered by Koha